Станции метро Екатеринбурга - Statistics

General Stats
  • This quiz has been taken 67 times
  • The average score is 7 of 9
Answer Stats
Answer % Correct
Ботаническая
91%
Уралмаш
87%
Проспект Космонавтов
79%
Динамо
79%
Геологическая
77%
Чкаловская
77%
Площадь 1905 года
75%
Уральская
72%
Машиностроителей
70%
No matching quizzes found
Score Distribution
Percent of People with Each Score
Percentile by Number Answered
Your Score History
You have not taken this quiz